| 000 | 00519nam a22001697a 4500 | ||
|---|---|---|---|
| 999 |
_c64167 _d64167 |
||
| 005 | 20191004135928.0 | ||
| 010 | _aB-164252 | ||
| 020 |
_a8173052733 _c350.00 |
||
| 035 | _aB-164251, B-164257 | ||
| 035 | _aB-164252 | ||
| 037 |
_aDPL _bENG |
||
| 100 | _aVanamali | ||
| 245 |
_aNitya Yoga : _bThe yoga of constant communion; essay on the Srimad Bhagavad Gita// _cby Vanamali |
||
| 260 |
_aNew Delhi _bAryan Books International _c2004 |
||
| 300 |
_axiii, 340p. _c18 cms. |
||
| 942 |
_2ddc _cEN _h181.45 _mVAN |
||